| 000 | 00000nam##2200000za#4500 |
| 001 | 9.604754 |
| 003 | CaOODSP |
| 005 | 20250910142445 |
| 007 | cr ||||||||||| |
| 008 | 150406|2008||||xxc|||||o f|0| 0 fre|d |
| 040 | |aCaOODSP|bfre |
| 043 | |an-cn--- |
| 086 | 1 |aD4-4/5-2-2008F-PDF |
| 110 | 1 |aCanada. |bMinistère de la défense nationale. |
| 245 | 10|aL'atout de la confiance : |h[ressource électronique]|bun multiplicateur de la force contemporain / |cédité par le lieutenant-colonel Jeff Stouffer et Craig Leslie Mantle; produit pour la Presse de l'Académie canadienne de la Défense. |
| 260 | |aKingston - Ontario : |bDéfense nationale |cc2010. |
| 300 | |a146p.|bglossaire, références, index |
| 490 | 1 |aAu péril de notre vie |
| 500 | |aLe n° de catalogue (D4-4/5-2-2008F) et l'ISBN (978-1-100-92486-1) de l'édition imprimée ont été incorrectement copiés dans la version PDF. |
| 590 | |a12-38-Supp|b2012-09-27 |
| 775 | 08|tLeveraging trust : |w(CaOODSP)9.575147 |
| 776 | 0#|tL'atout de la confiance : |w(CaOODSP)9.628323 |
| 830 | #0|aAu péril de notre vie.|w(CaOODSP)9.503340 |
| 856 | 40|ahttp://publications.gc.ca|qPDF|s2.26 Mo|uhttps://publications.gc.ca/collections/collection_2012/dn-nd/D4-4-5-2-2008-fra.pdf |